000 00415nam a22001577a 4500
999 _c5904
_d5902
005 20210828110038.0
008 190530b xxu||||| |||| 00| 0 eng d
020 _a978-93-80725-09-3
041 _aeng
100 _aGHOOI, RAVINDRA.B AND ITKAR, SACHIN C.
_95011
245 _aESSENTIALS OF CLENICAL RESEARCH
250 _a4th, edition, 2018
260 _aPUNE
_bNIRALI PRAKASHAN
300 _aR.2 p,
942 _cBK